000 00363nam a2200133Ia 4500
008 220217s9999||||xx |||||||||||||| ||und||
020 _a81-7366-651-2
082 _a005.43 BRI
100 _aBrickner, David
_95542
245 0 _aTest driving linux
260 _aShroff publishers and dist.Pvt.
_bMumbai
_c2007
300 _b350
650 _aOperating systems
999 _c176550
_d176550